000 00337nam a2200133Ia 4500
008 231129s1980||||xx |||||||||||||| ||spa||
040 _bspa
082 _aCo861 E18c
100 _aEcheverri Mejia Oscar
245 0 _aLas cuatro estaciones : poemas 1963-1964
260 _c1980
264 _aInstituto Caro y Cuervo
942 _2ddc
_cBKS
999 _c18687
_d18687